书目信息 |
| 题名: |
大学版英语词组辞典
|
|
| 作者: | 王禹奇 , 童箐 编著 | |
| 分册: | ||
| 出版信息: | 北京 国防工业出版社 2007.01 |
|
| 页数: | 658页 | |
| 开本: | 21cm | |
| 丛书名: | ||
| 单 册: | ||
| 中图分类: | H314.3-61 | |
| 科图分类: | ||
| 主题词: | 英语--ying yu--汉语--双解词典 | |
| 电子资源: | ||
| ISBN: | 7-118-04796-1 | |
| 000 | 00996nam0 2200253 450 | |
| 001 | 012007446765 | |
| 005 | 20070926154257.60 | |
| 010 | @a7-118-04796-1@b精装@dCNY45.00 | |
| 100 | @a20070720d2007 km y0chiy0120 ea | |
| 101 | 0 | @achi@aeng |
| 102 | @aCN@b110000 | |
| 105 | @ay ae 000yy | |
| 200 | 1 | @a大学版英语词组辞典@Ada xue ban ying yu ci zu ci dian@d= A dictionary of essential English phrases and idioms@e英汉双解@f王禹奇, 童箐编著@Fwang yu qi,tong qing bian zhu@zeng |
| 210 | @a北京@c国防工业出版社@d2007.01 | |
| 215 | @a658页@d21cm | |
| 320 | @a有书目 (第656-658页)。 | |
| 330 | @a本词典收编的词组来自国内普通采用的约20套大学英语、非英语专业研究生英语和英语专业教材,4100个词组分为三个层次,初级,中级和高级。 | |
| 510 | 1 | @aDictionary of essential English phrases and idioms@zeng |
| 606 | 0 | @a英语@Aying yu@x汉语@j双解词典 |
| 690 | @aH314.3-61@v4 | |
| 701 | 0 | @a王禹奇@Awang yu qi@4编著 |
| 701 | 0 | @a童箐@Atong qing@4编著 |
| 801 | 0 | @aCN@c20070926 |
| 905 | @dH314.3-61@eW445 | |
| 大学版英语词组辞典= A dictionary of essential English phrases and idioms:英汉双解/王禹奇, 童箐编著.-北京:国防工业出版社,2007.01 |
| 658页;21cm |
| ISBN 7-118-04796-1(精装):CNY45.00 |
| 本词典收编的词组来自国内普通采用的约20套大学英语、非英语专业研究生英语和英语专业教材,4100个词组分为三个层次,初级,中级和高级。 |
| ● |
| 相关链接 |
|
|
|
正题名:大学版英语词组辞典
索取号:H314.3-61/W445
 
预约/预借
| 序号 | 登录号 | 条形码 | 馆藏地/架位号 | 状态 | 备注 |
| 1 | 245421 | 202454218 | 语言库209/209语言库 36排5列4层/ [索取号:H314.3-61/W445] | 在馆 | |
| 2 | 245422 | 202454227 | 语言库209/209语言库 36排5列4层/ [索取号:H314.3-61/W445] | 在馆 |